[Event "Mumbai Transganization op"]
[Site "Mumbai"]
[Date "2024.01.26"]
[Round "4"]
[White "Soni, Atharv"]
[Black "Sunil, Vaidya"]
[Result "1/2-1/2"]
[WhiteElo "1549"]
[BlackElo "1402"]
[PlyCount "140"]
[EventDate "2024.01.25"]
[EventType "swiss"]
[EventRounds "8"]
[EventCountry "IND"]
[SourceTitle "CB06_2024"]
[SourceDate "2024.02.07"]
[SourceVersion "1"]
[SourceVersionDate "2024.02.07"]
[SourceQuality "1"]

1. e4 Nf6 2. e5 Nd5 3. d4 d6 4. Nf3 Bg4 5. Be2 c6 6. 0-0 Bxf3 7. Bxf3 dxe5 8. dxe5 e6 9. Qe2 Qc7 10. c4 Ne7 11. b3 Ng6 12. Bb2 Nd7 13. Bh5 Bc5 14. Kh1 0-0-0 15. f4 Rhe8 16. Nd2 f5 17. g3 Ndf8 18. Nf3 Rd7 19. Rad1 Red8 20. a3 a5 21. Ng5 Nh8 22. Bf3 h6 23. Nh3 Nf7 24. g4 g6 25. gxf5 gxf5 26. Rxd7 Qxd7 27. Rd1 Qe7 28. Rxd8+ Nxd8 29. a4 Qh4 30. Kg2 Ng6 31. Bc1 Qe7 32. Bd2 Qg7 33. Kf1 Qc7 34. Bh5 Nf8 35. Be1 Qb6 36. Qd3 Qc7 37. Bh4 Be7 38. Bf2 Qd7 39. Qc3 Bb4 40. Qe3 c5 41. Ng1 Nc6 42. Ne2 Qd1+ 43. Kg2 Nd7 44. Bf3 Ndb8 45. Nc1 Qd4 46. Nd3 Qxe3 47. Bxe3 Nd4 48. Bxd4 cxd4 49. Kh3 Nd7 50. Kh4 Kc7 51. Kh5 Bf8 52. Kg6 Nc5 53. Nxc5 Bxc5 54. Kf6 Kd7 55. Kg6 Bf8 56. h4 b6 57. Be2 Ke7 58. h5 Ke8 59. Kf6 Kd7 60. Kf7 Be7 61. Kg7 Ke8 62. c5 Bxc5 63. Bc4 d3 64. Kxh6 d2 65. Be2 Kf7 66. Bf3 Be7 67. Be2 Bh4 68. Bd1 Be7 69. Kh7 Bh4 70. Kh6 Be7 1/2-1/2